[Event "65th ch-BUL"]
[Site "Tsarevo BUL"]
[Date "2001.05.18"]
[Round "8"]
[White "Dimitrov,V"]
[Black "Chatalbashev,B"]
[Result "0-1"]
[WhiteElo "2512"]
[BlackElo "2518"]

1.e4 g6 2.d4 Bg7 3.Nc3 c6 4.f4 d5 5.e5 Nh6 6.Nf3 Bg4 7.h3 Bxf3 8.Qxf3 f6
9.g4 fxe5 10.dxe5 Rf8 11.Qg3 e6 12.Bg2 Nd7 13.O-O g5 14.Qd3 gxf4 15.Qxh7 Qg5
16.Rxf4 Rxf4 17.Bxf4 Qxf4 18.Qxg7 O-O-O 19.Qg6 Nf7 20.Qxe6 Ng5 21.Qf5 Qe3+
22.Kh2 Rh8 23.Qd3 Nxe5 24.Qxe3 Nxg4+ 25.Kg3 Nxe3 26.h4 Nf7 27.Bh3+ Kd8 28.Na4 b6
29.Re1 Nxc2 30.Rf1 Nd6 31.Nc3 d4  0-1

[Event "Open"]
[Site "Pula CRO"]
[Date "2001.05.19"]
[Round "2"]
[White "Fercec,N"]
[Black "Martic,Z"]
[Result "1-0"]
[WhiteElo "2433"]
[BlackElo "2247"]

1.e4 g6 2.d4 Bg7 3.Nc3 c6 4.h3 b5 5.Nf3 d6 6.Be3 Nd7 7.Bd3 Qa5 8.O-O Nb6
9.a4 b4 10.Na2 Nf6 11.Nd2 Be6 12.d5 cxd5 13.Nb3 Qxa4 14.Bxb6 O-O 15.exd5 Bxh3
16.Ba5 Bg4 17.f3 Bf5 18.Nxb4 Qd7 19.Be2 Nh5 20.g4 Nf4 21.Kh1 h5 22.gxf5 Qxf5
23.Rf2 Bxb2 24.Nc6 Rfe8 25.Rb1 Bf6 26.c4 Bh4 27.Nbd4 Qf6 28.Rh2 Bg3 29.Qg1 h4
30.Bf1 Rac8 31.Rhb2 Qg5 32.Bd2 Qh5 33.Bxf4 Bxf4 34.Bh3 Rc7 35.Qg4 Qh6 36.Rb8 Rxb8
37.Rxb8+ Kh7  1-0

[Event "TCh-RUS"]
[Site "Tomsk RUS"]
[Date "2001.05.19"]
[Round "6"]
[White "Glek,I"]
[Black "Eliseev,A"]
[Result "1-0"]
[WhiteElo "2566"]
[BlackElo "2471"]

1.e4 g6 2.d4 Bg7 3.Nc3 c6 4.Nf3 d5 5.h3 Nh6 6.Bf4 f6 7.exd5 cxd5 8.Nb5 O-O
9.c4 Na6 10.cxd5 Qxd5 11.Rc1 Qe4+ 12.Be3 Nf5 13.Bc4+ Kh8 14.O-O Nxe3 15.Qe2 Bh6
16.Rfe1 Be6 17.Bxe6 Qxe6 18.Nc3 Nb4 19.a3 Na2 20.Nxa2 Qxa2 21.fxe3 Rac8 22.Kf2 a6
23.Qd2 Qb3 24.Rc3 Rxc3 25.Qxc3 Qxc3 26.bxc3 Rc8 27.Rc1 Rc4 28.Ke2 Bf8 29.Nd2 Ra4
30.c4 Rxa3 31.c5 e6 32.Rb1 Bh6 33.Nc4 Rc3 34.Rb4 e5 35.d5 Bf8 36.Kd2 a5 37.Kxc3 axb4+
38.Kxb4 e4 39.Kb5 Kg7 40.c6  1-0

[Event "XXXVI Capablanca Mem Premier II"]
[Site "Havana CUB"]
[Date "2001.05.20"]
[Round "13"]
[White "Arizmendi Martinez,J"]
[Black "Garcia,Os"]
[Result "1-0"]
[WhiteElo "2478"]
[BlackElo "2300"]

1.e4 c6 2.d4 g6 3.Nc3 Bg7 4.Nf3 Nh6 5.Bf4 f6 6.Qd2 Nf7 7.Bc4 O-O 8.O-O b5
9.Bb3 a5 10.a3 Kh8 11.Rfe1 Na6 12.e5 d5 13.exd6 exd6 14.Bxf7 Rxf7 15.d5 c5
16.Nxb5 Bf8 17.Bh6 Nc7 18.Nxc7 Rxc7 19.Bxf8 Qxf8 20.Qc3 Kg8 21.Nd4 Re7 22.Rxe7 Qxe7
23.Nc6 Qf7 24.Qg3 Qd7 25.Re1 Bb7 26.Qf3 Re8 27.Rxe8+ Qxe8 28.h3 Kg7 29.Kh2 h5
30.g3 a4 31.b3 Qa8 32.Qe4 axb3 33.cxb3 Kh6 34.Qf4+ Kg7 35.Qxd6 h4 36.gxh4 Qe8
37.Qc7+ Kh6 38.Ne7 Ba6 39.d6 Bb5 40.Qxc5  1-0

[Event "Open"]
[Site "Pula CRO"]
[Date "2001.05.21"]
[Round "4"]
[White "Jelica,M"]
[Black "Saric,Ib"]
[Result "0-1"]
[WhiteElo "2193"]
[BlackElo "2319"]

1.e4 g6 2.d4 Bg7 3.Nc3 c6 4.Be3 Nf6 5.h3 d6 6.Qd2 Nbd7 7.O-O-O Qa5 8.f4 b5
9.e5 b4 10.Nb1 Nd5 11.exd6 exd6 12.f5 O-O 13.fxg6 hxg6 14.Bh6 Qxa2 15.Bxg7 Kxg7
16.h4 N7f6 17.Bd3 Bg4 18.Rf1 Rab8 19.Ne2 Nh5 20.Qg5 Bxe2 21.Bxe2 f6 22.Qg4 Ne3
23.Qd7+ Qf7 24.Qxf7+ Rxf7 25.Rf2 Ng3 26.Rh3 Nxe2+ 27.Rxe2 Nf5 28.c3 Rh8 29.Re4 d5
30.Rf4 Re7 31.Nd2 Re1+ 32.Kc2 Ne3+ 33.Kd3 bxc3 34.bxc3 Nxg2 35.Rg4 Rg1 36.Rhg3 Nf4+
37.Ke3 Rxg3+ 38.Rxg3 Rxh4 39.Nf3 Nh5 40.Rxg6+ Kxg6 41.Nxh4+ Kg5 42.Nf3+ Kg4
43.Nd2 f5 44.c4 f4+ 45.Kd3 Ng7 46.Kc3 Ne6 47.cxd5 cxd5 48.Kd3 a5  0-1

[Event "XXVI Elekes Mem GM"]
[Site "Budapest HUN"]
[Date "2001.05.24"]
[Round "4"]
[White "Fogarasi,T"]
[Black "Csom,I"]
[Result "1/2-1/2"]
[WhiteElo "2446"]
[BlackElo "2431"]

1.e4 c6 2.d4 g6 3.Nc3 Bg7 4.Nf3 d6 5.a4 Bg4 6.Be2 d5 7.exd5 cxd5 8.Ne5 Bxe2
9.Qxe2 a6 10.Qf3 Nf6 11.O-O Nc6 12.Rd1  1/2-1/2

[Event "6th Stuttgart Open"]
[Site "Ditzingen GER"]
[Date "2001.05.25"]
[Round "3"]
[White "Christ,R"]
[Black "Gabriel,J"]
[Result "1/2-1/2"]
[WhiteElo "2271"]
[BlackElo "2190"]

1.e4 g6 2.d4 Bg7 3.Nc3 c6 4.Nf3 d6 5.Be3 a6 6.Qd2 b5 7.Bd3 Nf6 8.h3 O-O 9.O-O Qc7
10.Ne2 Bb7 11.Ng3 Nbd7 12.Bh6 e5 13.Qg5 Rfe8 14.Bxg7 Kxg7 15.a4 Ng8 16.c3 h6
17.Qd2 Rad8 18.h4 Ngf6 19.h5 Qb6 20.Nh4 Ng8 21.Kh1 Ndf6 22.f4 Bc8 23.axb5 axb5
24.Qf2 Qc7 25.hxg6 fxg6 26.dxe5 dxe5 27.Ra7 Bb7 28.Bc2 Rd7 29.Bb3 exf4 30.Bxg8 Nxg8
31.Qxf4 Qxf4 32.Rxf4 Bc8 33.Rxd7+ Bxd7 34.Rf2 Nf6 35.Rd2 Re7 36.Kg1 Kf7 37.Nf3 Bg4
38.Rd6 Nxe4 39.Nxe4 Rxe4 40.Rxc6 Re2 41.b4 Bxf3 42.gxf3 h5 43.Rc5 Rc2 44.Rxb5 Rxc3
45.Kg2 Kf6 46.Kg3 Rc6 47.Rd5 g5 48.b5 Rc3 49.Kg2 Rb3 50.f4 Rb2+ 51.Kg1  1/2-1/2

[Event "IX Guillermo Garcia Mem"]
[Site "Santa Clara CUB"]
[Date "2001.05.25"]
[Round "3"]
[White "Felgaer,R"]
[Black "Perez,Rod"]
[Result "1/2-1/2"]
[WhiteElo "2481"]
[BlackElo "2471"]

1.e4 g6 2.d4 Bg7 3.Nc3 c6 4.f4 d5 5.e5 Nh6 6.Nf3 f6 7.Bd3 Bg4 8.O-O O-O 9.exf6 exf6
10.h3 Bxf3 11.Qxf3 f5 12.Ne2 Nd7 13.Be3 Nf6 14.b3 Re8 15.c4 Qe7 16.Bf2 Ne4
17.Rfd1 dxc4 18.Bxc4+ Kh8 19.Rac1 Rad8 20.Be1 Nf7 21.Kh2 Nfd6 22.Bb4 Qh4
23.Be1 Qf6 24.a4 Rd7 25.Rc2 Nc8 26.b4 Nb6 27.Bb3 a6 28.b5 axb5 29.axb5 cxb5
30.d5 Red8 31.Ba5 Ra8 32.Bb4 Rad8 33.Ba5 Ra8 34.Bb4 Bf8 35.Qxe4 fxe4 36.Bc3 Qxc3
37.Nxc3 Ra3 38.Rb1 Bd6 39.g3 Rc7 40.Nxe4 Rxb3 41.Rxc7 Rxb1 42.Nxd6 Rb2+ 43.Kg1 Nxd5
44.Rxb7 h5 45.Ne4 Rb1+  1/2-1/2

[Event "XXVI Elekes Mem GM"]
[Site "Budapest HUN"]
[Date "2001.05.30"]
[Round "10"]
[White "Rajlich,V"]
[Black "Csom,I"]
[Result "1/2-1/2"]
[WhiteElo "2337"]
[BlackElo "2431"]

1.e4 c6 2.d4 g6 3.Nc3 Bg7 4.Bc4 d6 5.Qf3 e6 6.Nge2 Nd7 7.O-O Ngf6 8.Bb3 Qc7
9.a4 a6 10.a5 O-O 11.Bg5 h6 12.Bh4 Re8 13.h3 e5 14.dxe5 dxe5 15.Rfd1 g5 16.Bg3 Nc5
17.Ba2 Qe7 18.Rd2 Nh7 19.Rad1 Nf8 20.b4 Nce6 21.Rd6 Nf4 22.Bxf4 exf4 23.Qh5 Be6
24.Bxe6 fxe6 25.h4 Rad8 26.e5 Bxe5 27.Rxd8 Rxd8 28.Rxd8 Qxd8 29.Qxh6 f3 30.gxf3 gxh4
31.Qh5 Bg7 32.f4 Qd2 33.Ne4 Qxc2 34.Ng5 Qf5 35.Kg2 Ng6 36.f3 e5 37.fxe5 Bxe5
38.Kf1 Bg7 39.Kf2 Nf8 40.f4 Ng6 41.Kg2 Qd5+ 42.Kg1 Qf5 43.Kg2 Qd3 44.Qh7+ Kf8
45.Ne6+ Kf7 46.Qxg7+ Kxe6 47.f5+ Kxf5 48.Qxg6+ Kxg6 49.Nf4+ Kf5 50.Nxd3 Ke4
51.Nc5+ Kd5 52.Nxb7 Kc4  1/2-1/2

[Event "ch-IND Women"]
[Site "New Delhi IND"]
[Date "2001.06.04"]
[Round "3"]
[White "Dolan Champa,B"]
[Black "Gokhale,A"]
[Result "0-1"]
[WhiteElo "2187"]
[BlackElo "2249"]

1.e4 g6 2.d4 Bg7 3.Nc3 c6 4.Be3 d6 5.Qd2 Nd7 6.f3 b5 7.Nh3 Nb6 8.Nf2 Nf6
9.a4 b4 10.Ncd1 a5 11.c3 bxc3 12.bxc3 Ba6 13.Bxa6 Rxa6 14.Qe2 Ra8 15.O-O O-O
16.Nb2 Nfd7 17.Ng4 h5 18.Nf2 e6 19.Qd2 Re8 20.Bg5 Qc8 21.g4 hxg4 22.Nxg4 c5
23.Rac1 e5 24.d5 c4 25.Kh1 Nc5 26.Rg1 Nb3 27.Qe3 Nxc1 28.Nf6+ Bxf6 29.Bxf6 Qh3
30.Rg3 Qf1+ 31.Rg1 Qe2 32.Qxb6 Qxf3+ 33.Rg2 Qxf6 34.Rf2 Qh4 35.Nxc4 Qxe4+  0-1

[Event "2nd IECC"]
[Site "Ohrid MKD"]
[Date "2001.06.06"]
[Round "6"]
[White "Nedev,T"]
[Black "Petrov,M"]
[Result "1-0"]
[WhiteElo "2514"]
[BlackElo "2425"]

1.e4 g6 2.d4 Bg7 3.Nc3 c6 4.h3 d5 5.Nf3 dxe4 6.Nxe4 Nd7 7.Bd3 Ngf6 8.Nxf6+ Nxf6
9.O-O O-O 10.Re1 Bf5 11.Bxf5 gxf5 12.c3 e6 13.Ne5 Ne4 14.Qh5 c5 15.Bh6 cxd4
16.Rad1 Qf6 17.Bxg7 Qxg7 18.Rxd4 Rad8 19.Nd7 Rfe8 20.Red1 Kh8 21.Qh4 Rg8
22.g3 f6 23.Kf1 b6 24.R4d3 Rc8 25.Rd4 Rgd8 26.R1d3 h6 27.Qh5 Kh7 28.Nf8+ Qxf8
29.Rd7+ Rxd7 30.Rxd7+ Qg7 31.Rxg7+ Kxg7 32.Qd1 Rc7 33.Qd8 Rf7 34.c4 Nc5 35.b4 Ne4
36.h4 h5 37.Kg2 e5 38.f3 Nc3 39.Qd2 Na4 40.Qc2 b5 41.cxb5 Nb6 42.Qxf5 Rd7
43.Qxh5 Rd2+ 44.Kh3 Rxa2 45.Qg4+ Kf7 46.h5 Ra1 47.Qg6+ Ke7 48.h6 Nd7 49.Qg7+  1-0

[Event "2nd IECC"]
[Site "Ohrid MKD"]
[Date "2001.06.07"]
[Round "7"]
[White "Khenkin,I"]
[Black "Minasian,Art"]
[Result "1/2-1/2"]
[WhiteElo "2609"]
[BlackElo "2554"]

1.d4 g6 2.e4 Bg7 3.Nc3 c6 4.Nf3 d6 5.Be3 Qa5 6.h3 Nd7 7.Qd2 b5 8.Bd3 b4 9.Ne2 Ba6
10.O-O Bxd3 11.cxd3 Qb5 12.a3 bxa3 13.Rxa3 Ngf6 14.Nc3 Qb8 15.Ra6 Qb7 16.Rfa1 O-O
17.R1a2  1/2-1/2

[Event "2nd IECC"]
[Site "Ohrid MKD"]
[Date "2001.06.13"]
[Round "12"]
[White "Khruschiov,A"]
[Black "Chatalbashev,B"]
[Result "1/2-1/2"]
[WhiteElo "2400"]
[BlackElo "2518"]

1.e4 g6 2.d4 Bg7 3.Nc3 c6 4.f4 d5 5.e5 f6 6.Nf3 Nh6 7.h3 Nf5 8.g4 Ng3 9.Rg1 Ne4
10.f5 fxe5 11.dxe5 Qb6 12.Qe2 Nd7 13.Nxe4 dxe4 14.Qxe4 Nxe5 15.Nxe5 gxf5
16.gxf5 Qxg1 17.Bf4 Rf8 18.Nxc6 Qc5 19.Nxe7 Qxe7  1/2-1/2

[Event "Homenaje a la Bandera"]
[Site "Rosario ARG"]
[Date "2001.06.16"]
[Round "2"]
[White "Zarnicki,P"]
[Black "Demaria,J"]
[Result "1-0"]
[WhiteElo "2487"]
[BlackElo "2209"]

1.e4 g6 2.d4 Bg7 3.Nc3 c6 4.Nf3 d6 5.Be3 b5 6.Qd2 Nf6 7.Bd3 Ng4 8.Bg5 h6
9.Bh4 g5 10.Bg3 e5 11.h3 exd4 12.Nxb5 cxb5 13.Bxb5+ Kf8 14.hxg4 Bxg4 15.Nxd4 Qb6
16.c3 Nd7 17.f3 Nc5 18.Bc6 Rc8 19.Bxd6+ Kg8 20.Bxc5 Qxc5 21.fxg4 Bxd4 22.Qxd4 Qxc6
23.O-O-O Re8 24.Qd5 Qc7 25.Rhf1 Kg7 26.Qd4+ Re5 27.Rf5 Re8 28.Rdf1 Kg8 29.Rxe5 Rxe5
30.Rf6 Qe7 31.Rd6 Kh7 32.Qd3 Kg7 33.Qd4 Kh7 34.Rd8 Qf6  1-0

[Event "12th Open"]
[Site "Ljubljana SLO"]
[Date "2001.06.25"]
[Round "3"]
[White "Golja,M"]
[Black "Lenic,L"]
[Result "0-1"]
[WhiteElo "2085"]
[BlackElo "2098"]

1.e4 g6 2.d4 Bg7 3.Nc3 c6 4.f4 d5 5.e5 h5 6.Nf3 Bg4 7.h3 Bxf3 8.Qxf3 e6 9.b3 h4
10.Bb2 Ne7 11.Bd3 Nd7 12.O-O-O b5 13.g4 hxg3 14.Qxg3 Nf5 15.Bxf5 exf5 16.e6 Nf6
17.Rhg1 Rh6 18.exf7+ Kxf7 19.Ba3 Qa5 20.Bd6 b4 21.Na4 Ne4 22.Qe3 Nxd6 23.Rge1 Re8
24.Qd3 Ne4 25.Qe3 Bf6 26.Rd3 Rhh8 27.Qg1 Nc3 28.Rde3 Bxd4 29.Rxe8 Rxe8 30.Qg3 Rxe1+
31.Qxe1 Nxa4  0-1

[Event "Open"]
[Site "Batumi GEO"]
[Date "2001.06.26"]
[Round "1"]
[White "Shengelia,D"]
[Black "Manukian,A"]
[Result "1/2-1/2"]
[WhiteElo "2385"]
[BlackElo "2124"]

1.e4 g6 2.d4 Bg7 3.Nc3 c6 4.h3 d6 5.g3 e5 6.Nge2 Nd7 7.Bg2 Ngf6 8.O-O O-O
9.a4 a5 10.Be3 Qe7 11.Qd2 exd4 12.Bxd4 Nc5 13.f3 Be6 14.g4 Rfd8 15.Ng3 d5
16.e5 Nfd7 17.f4 f6 18.exf6 Bxf6 19.f5 gxf5 20.Nxf5 Bxf5 21.Rxf5 Bxd4+ 22.Qxd4 Ne6
23.Qd2 Ng7 24.Rff1 Rf8 25.Ne2 Rae8 26.Nd4 Qe3+ 27.Qxe3 Rxe3 28.Nb3 Ra8 29.Rae1 Rxe1
30.Rxe1 Kf7 31.Bf1 Ne6 32.Bd3 Nec5 33.Bxh7 Nxb3 34.cxb3 Rh8 35.Bf5 Nc5 36.Re3 d4
37.Rf3 Kf6 38.Kf2 Ke5 39.Ke2 Ne4 40.Bxe4 Kxe4 41.g5 Rh5 42.Rg3 Kf4 43.Rg4+ Kf5
44.g6 Rh8 45.g7 Rg8 46.Kd3 c5 47.Kc4 b6 48.Kb5 Kf6 49.Rf4+ Ke5 50.Rg4 Kf6
51.Rf4+ Ke5 52.Rf7 Ke6 53.Rb7 d3 54.Rxb6+ Ke5 55.Rb7 Ke6 56.Rb6+ Ke5 57.Rg6 d2
58.Rg1 Rxg7 59.Rd1 Rd7 60.Kxa5 Ke4 61.Kb6 Kd3 62.Kxc5 Kc2 63.Rxd2+ Rxd2 64.b4 Kb3
65.a5 Rc2+ 66.Kb6 Kxb4 67.a6 Rxb2 68.a7 Kc4+ 69.Kc6 Ra2 70.Kb7 Kd5 71.a8=R Rxa8
72.Kxa8 Ke4 73.h4  1/2-1/2

[Event "Open"]
[Site "Batumi GEO"]
[Date "2001.06.26"]
[Round "1"]
[White "Gelashvili,T"]
[Black "Khmiadashvili,T"]
[Result "1-0"]
[WhiteElo "2535"]
[BlackElo "2241"]

1.e4 c6 2.d4 g6 3.Nc3 Bg7 4.f4 d5 5.e5 h5 6.Nf3 Bg4 7.Be3 e6 8.h3 Bxf3 9.Qxf3 h4
10.Bd3 Ne7 11.Bf2 Bf8 12.O-O Nf5 13.Ne2 b5 14.a4 b4 15.c4 bxc3 16.bxc3 a5
17.c4 dxc4 18.Be4 Bb4 19.Rac1 Ne7 20.Rxc4 Nd5 21.Qg4 Ra6 22.Kh1 Kf8 23.Rc2 Be7
24.Ng1 Rb6 25.Nf3 Na6 26.Ng5 Bxg5 27.fxg5 Nab4 28.Rb2 Kg7 29.Rb3 Ne7 30.d5 cxd5
31.Bxb6 Qxb6 32.Qf4 Nf5 33.Bxf5 gxf5 34.Rd1 Qc6 35.Rc1 Qxa4 36.g6 Kxg6 37.Rg3+ hxg3
38.Qxg3+ Kh5 39.Qg7 Nd3 40.Qxh8+ Kg5 41.Qf6+ Kh5 42.Qxf7+ Kg5 43.Qf6+ Kh5
44.g4+ fxg4 45.hxg4+ Qxg4 46.Qh8+ Kg5 47.Rg1 Nf2+ 48.Kh2 Kf4 49.Rxg4+ Nxg4+
50.Kg2 d4 51.Qf6+ Nxf6 52.exf6 Ke3 53.f7 e5 54.f8=Q e4 55.Kf1 Kd2 56.Qf2+ Kc3
57.Qe1+  1-0

[Event "12th Open"]
[Site "Ljubljana SLO"]
[Date "2001.06.27"]
[Round "5"]
[White "Sakelsek,T"]
[Black "Lenic,L"]
[Result "1-0"]
[WhiteElo "2185"]
[BlackElo "2098"]

1.e4 g6 2.d4 Bg7 3.Nc3 c6 4.Bc4 b5 5.Bb3 b4 6.Nce2 d5 7.exd5 cxd5 8.a3 bxa3
9.Rxa3 Nf6 10.Nf3 O-O 11.O-O Bg4 12.Ne5 Bxe2 13.Qxe2 e6 14.h3 Nfd7 15.c3 Nxe5
16.dxe5 Qc7 17.f4 Nd7 18.Be3 Rfb8 19.Rfa1 Nc5 20.Bd1 Bf8 21.b4 Ne4 22.Bd4 Rb7
23.Qe3 Be7 24.g3 Kg7 25.Kg2 f5 26.Bf3 g5 27.Bxe4 gxf4 28.Qxf4 dxe4 29.Qe3 Kf7
30.Ra6 Qc4 31.Qh6 Rg8 32.Qxh7+ Rg7 33.Qh5+ Kg8 34.Rxa7 Rxa7 35.Rxa7 f4 36.Qe8+ Kh7
37.Qh5+ Kg8 38.Kg1 Rxg3+ 39.Kh2 Rg7 40.Ra8+ Bf8 41.Bc5 Rf7 42.Qg6+ Kh8 43.Rxf8+ Rxf8
44.Bxf8 Qe2+ 45.Kh1 Qf1+ 46.Qg1 Qf3+ 47.Qg2 Qd1+ 48.Kh2 Qd7 49.Qg7+ Qxg7
50.Bxg7+ Kxg7 51.b5 f3 52.Kg3  1-0

[Event "Open"]
[Site "Batumi GEO"]
[Date "2001.06.30"]
[Round "5"]
[White "Hachatrian,V"]
[Black "Khmiadashvili,T"]
[Result "1-0"]
[WhiteElo "2410"]
[BlackElo "2241"]

1.e4 c6 2.d4 g6 3.Nc3 Bg7 4.Nf3 d6 5.Bc4 b5 6.Bb3 b4 7.Ne2 e6 8.O-O Ne7 9.e5 d5
10.Bd2 c5 11.dxc5 Nbc6 12.Ned4 O-O 13.Re1 Bd7 14.a3 a5 15.axb4 axb4 16.Qe2 Rb8
17.h4 Nxd4 18.Nxd4 Qc7 19.h5 Qxc5 20.h6 Bh8 21.Bg5 Rfe8 22.Qe3 Rbc8 23.Qf4 Nf5
24.Nf3 Qf8 25.g4 Ne7 26.Ra7 Bb5 27.Nd4 Nc6 28.Nxb5 Nxa7 29.Nxa7 Rc5 30.Qxb4 Rb8
31.Qa4 f6 32.Be3 Rc7 33.Nb5 Rcb7 34.Nd4 fxe5 35.Nxe6 Qf3 36.Ng5 Rb4 37.Nxf3 Rxa4
38.Bxd5+ Kf8 39.Bc5+ Ke8 40.Bc6+ Kf7  1-0

[Event "Open"]
[Site "Karvina CZE"]
[Date "2001.07.01"]
[Round "2"]
[White "Didi,J"]
[Black "Karlik,V"]
[Result "0-1"]
[WhiteElo "2125"]
[BlackElo "2302"]

1.e4 g6 2.d4 Bg7 3.Nc3 c6 4.g3 d6 5.a4 Nf6 6.Bg2 O-O 7.Nge2 Nbd7 8.O-O e5
9.h3 Re8 10.Be3 Qc7 11.Qd2 b6 12.Rad1 Ba6 13.Rfe1 Rad8 14.b3 Bb7 15.Bg5 a6
16.Be3 exd4 17.Bxd4 b5 18.axb5 axb5 19.Be3 Nc5 20.f3 Ne6 21.Kh2 d5 22.exd5 Nxd5
23.Nxd5 Rxd5 24.Qc1 Rxd1 25.Rxd1 c5 26.Qd2 Bc6 27.Kg1 Rd8 28.Qe1 Ra8 29.Qd2 b4
30.Nf4 Nd4 31.Bxd4 Bxd4+ 32.Kh2 Qb7 33.Qd3 Re8 34.Rf1 Bb5 35.Qd1 Bxf1 36.Qxf1 Qe7
37.h4 Be5 38.Nd5 Qxh4+ 39.Bh3 Qxg3+ 40.Kh1 Qh2+  0-1

[Event "6th Leg Russian Cup"]
[Site "Tomsk RUS"]
[Date "2001.07.02"]
[Round "3"]
[White "Katalymov,B"]
[Black "Kornev,Alexe"]
[Result "0-1"]
[WhiteElo "2424"]
[BlackElo "2507"]

1.d4 g6 2.e4 Bg7 3.Nc3 c6 4.f4 d5 5.e5 Nh6 6.Nf3 f6 7.a4 Bg4 8.a5 fxe5 9.dxe5 O-O
10.Be2 Bxf3 11.Bxf3 e6 12.O-O Nf5 13.g4 Nh4 14.g5 Nxf3+ 15.Rxf3 Nd7 16.Rh3 Qe7
17.Kg2 Rf7 18.Ne2 Raf8 19.Be3 c5 20.c3 Qd8 21.Rg3 Qc7 22.Ng1 Rxf4 23.Bxf4 Rxf4
24.Nh3 Rf8 25.Qg4 Re8 26.Qa4 Re7 27.Re1 Nxe5 28.Nf2 Nf7 29.h4 Nd6 30.Ng4 Nf5
31.Rh3 Qd6 32.h5 d4 33.hxg6 Qd5+ 34.Kg1 hxg6 35.Nf6+ Bxf6 36.gxf6 Rd7 37.f7+ Kxf7
38.Rh7+ Ke8 39.Rh8+ Ke7 40.a6 b6 41.cxd4 Qxd4+ 42.Qxd4 cxd4 43.Kf2 Kd6 44.Reh1 e5
45.R1h7 Ne7 46.Rb8 Rc7 47.Rb7 Rc2+ 48.Kf3 Nc6 49.Rhg7 Kd5 50.Rxg6 e4+ 51.Kf4 e3
52.Rd7+ Kc5 53.Ke4 Kb5 54.Rg5+ Rc5 55.Rxc5+ bxc5 56.Rh7 Nb4 57.Kf3 Kxa6 58.Ke2 Kb6
59.b3 a6 60.Rh8 Nc6 61.Kd3 Kb5 62.Rh7 Na5 63.Rh8 Nxb3 64.Rb8+ Ka4 65.Kc4 Na5+
66.Kd3 Nc6 67.Rc8 Kb5 68.Rh8 a5 69.Rh7 Nb4+ 70.Ke2 a4 71.Ra7 Nd5 72.Kd3 Nf4+
73.Kc2 Kb4 74.Rb7+ Kc4 75.Ra7 d3+ 76.Kc1 Kb3 77.Re7 Ne2+  0-1

[Event "Open"]
[Site "Batumi GEO"]
[Date "2001.07.03"]
[Round "7"]
[White "Tsikarishvili,N"]
[Black "Khmiadashvili,T"]
[Result "1/2-1/2"]
[WhiteElo "2087"]
[BlackElo "2241"]

1.e4 c6 2.d4 g6 3.Nc3 Bg7 4.f4 d5 5.e5 b5 6.h3 b4 7.Na4 e6 8.Nf3 Ba6 9.Bd3 Qa5
10.Nc5 Bxd3 11.Qxd3 Bf8 12.Nb3 Qa6 13.Qd1 Nd7 14.Be3 Qb5 15.g4 h5 16.Kf2 Be7
17.Qd3 a5 18.Rag1 Qxd3 19.cxd3 a4 20.Nc5 Kd8 21.Ke2 Kc7 22.f5 Bxc5 23.dxc5 gxf5
24.gxf5 Ne7 25.fxe6 fxe6 26.Ng5 Nf8 27.Rf1 Kd7 28.Rf7  1/2-1/2

[Event "6th Leg Russian Cup"]
[Site "Tomsk RUS"]
[Date "2001.07.03"]
[Round "4"]
[White "Purtov,A"]
[Black "Novikova,A"]
[Result "1-0"]
[WhiteElo "2433"]
[BlackElo "2203"]

1.e4 g6 2.d4 Bg7 3.Nc3 c6 4.Nf3 d5 5.h3 Nh6 6.Bf4 f6 7.exd5 cxd5 8.Nb5 Na6
9.c4 Nf7 10.cxd5 Qxd5 11.Nc3 Qd8 12.Qa4+ Bd7 13.Qb3 Qb6 14.Qxb6 axb6 15.Nd5 Bc6
16.Nxb6 Rd8 17.Bxa6 Bxf3 18.Bb5+ Bc6 19.Bxc6+ bxc6 20.O-O-O Nd6 21.d5 cxd5
22.Rxd5 Rb8 23.Bxd6 Rxb6 24.Bc5 Bh6+ 25.Kc2 Re6 26.Kd3 Kf7 27.a4 Ra8 28.Ra1 Rea6
29.b3 Ke8 30.Kc4 Bf4 31.Re1 e6 32.Rd3 Bc7 33.Red1 Rc8 34.Rd7  1-0

[Event "Open"]
[Site "Batumi GEO"]
[Date "2001.07.05"]
[Round "9"]
[White "Aroshidze,L"]
[Black "Lomineishvili,M"]
[Result "1/2-1/2"]
[WhiteElo "2315"]
[BlackElo "2437"]

1.e4 g6 2.d4 Bg7 3.Nc3 c6 4.Bc4 d6 5.Qf3 e6 6.Nge2 b5 7.Bb3 a5 8.a3 Ba6 9.O-O b4
10.Na4 Nd7 11.Rd1 Qf6 12.Qe3 Qe7 13.c3 bxa3 14.Rxa3 Ngf6 15.f3 O-O 16.Qf2 Ne8
17.Be3 Nc7 18.f4 d5 19.e5 f6 20.Qe1 fxe5 21.fxe5 Rf7 22.Raa1 Raf8 23.Qd2 Qh4
24.Ng3 Qg4 25.Re1  1/2-1/2

[Event "6th Leg Russian Cup"]
[Site "Tomsk RUS"]
[Date "2001.07.07"]
[Round "8"]
[White "Ovetchkin,R"]
[Black "Kornev,Alexe"]
[Result "1-0"]
[WhiteElo "2497"]
[BlackElo "2507"]

1.e4 g6 2.d4 Bg7 3.Nc3 c6 4.h3 b5 5.a3 d6 6.Be3 a6 7.Qd2 Nd7 8.Rd1 Bb7 9.g4 c5
10.Bg2 Ngf6 11.Nge2 cxd4 12.Bxd4 Ne5 13.Qc1 Qc7 14.f4 Nc4 15.b3 Nb6 16.O-O Nbd7
17.e5 dxe5 18.fxe5 Nxg4 19.Bxb7 Qxb7 20.hxg4 Bxe5 21.Bxe5 Nxe5 22.Qf4 f6
23.g5 Qa7+ 24.Kg2 O-O 25.Nd5 Rae8 26.Nd4 Kh8 27.Ne6 Rf7 28.Qe4 Qb7 29.Rd4 Rc8
30.gxf6 exf6 31.Rxf6 Rxc2+ 32.Qxc2 Rxf6 33.Qc7 Qxc7 34.Ndxc7 Nf7 35.Rf4 Rxf4
36.Nxf4 Kg7 37.Nxa6 Nd6 38.Nd5 g5 39.Nac7 h5 40.b4 g4 41.Nc3 h4 42.N7xb5 Nc4
43.Nd5 Kf7 44.a4 Ke6 45.Nbc7+ Kd6 46.a5 h3+ 47.Kg3 Nd2 48.a6 Nf1+ 49.Kf2 Nd2
50.a7 Ne4+ 51.Ke3  1-0

[Event "Glorney Cup"]
[Site "Hyerois FRA"]
[Date "2001.07.08"]
[Round "1"]
[White "Redpath,J"]
[Black "Govciyan,P"]
[Result "1/2-1/2"]
[WhiteElo "2131"]
[BlackElo "2265"]

1.d4 g6 2.e4 Bg7 3.Nc3 c6 4.Nf3 d6 5.Be3 Nf6 6.Qd2 Qa5 7.Bd3 O-O 8.h3 Nbd7
9.O-O Qc7 10.a4 e5 11.dxe5 dxe5 12.a5 Rd8 13.Qe2 Nh5 14.Bc4 h6 15.Rfd1 Nf4
16.Qd2 Re8 17.Ne2 Nf6 18.Nxf4 Nxe4 19.Qc1 exf4 20.Bxf4 Qe7 21.Bd3 g5 22.Bxe4 gxf4
23.Re1 Qf6 24.c3 Bxh3 25.gxh3 Rxe4 26.Rxe4 Qg6+ 27.Ng5 hxg5 28.f3 Qh5 29.Qf1 Rd8
30.Rae1 f5 31.R4e2 Bf8 32.b4  1/2-1/2

[Event "FSIMB July"]
[Site "Budapest HUN"]
[Date "2001.07.09"]
[Round "8"]
[White "Orsher,I"]
[Black "Dobos,J"]
[Result "1/2-1/2"]
[WhiteElo "2136"]
[BlackElo "2309"]

1.e4 g6 2.d4 Bg7 3.Nc3 c6 4.Bc4 b5 5.Bb3 a5 6.a4 b4 7.Nce2 d5 8.e5 e6 9.Nf3 Ba6
10.O-O Nd7 11.Re1 c5 12.dxc5 Nxc5 13.Nf4 Nxb3 14.cxb3 Ne7 15.Be3 O-O 16.Rc1 Re8
17.Bc5 Nf5 18.Nd4 Bh6 19.Nxf5 Bxf4 20.Nd6 Bxc1 21.Nxe8 Qxe8 22.Qxc1 Rc8 23.Qe3  1/2-1/2

[Event "Open"]
[Site "Hyeres FRA"]
[Date "2001.07.11"]
[Round "7"]
[White "Boudre,JP"]
[Black "Delchev,A"]
[Result "0-1"]
[WhiteElo "2372"]
[BlackElo "2629"]

1.e4 g6 2.d4 Bg7 3.Nc3 c6 4.Nf3 d6 5.h3 Nf6 6.Bd3 Qc7 7.O-O e5 8.Be3 O-O
9.Qd2 b5 10.a3 Nbd7 11.Rad1 a6 12.dxe5 dxe5 13.Rfe1 Bb7 14.Bh6 Rfe8 15.Nh4 Bxh6
16.Qxh6 Kh8 17.Nf3 Nf8 18.Ne2 Rad8 19.Ng3 Ng8 20.Qe3 c5 21.c4 b4 22.axb4 cxb4
23.c5 Ne6 24.Rc1 Ne7 25.Bc4 Nc6 26.Bxe6 Rxe6 27.Rcd1 f6 28.h4 Ree8 29.h5 Kg7
30.h6+ Kf8 31.Rd5 Ne7 32.Rxd8 Rxd8 33.Qb3 a5 34.Kh2 Bc8 35.Nf1 Qc6 36.Qa2 Qb5
37.Ne3 Nc6 38.b3 Be6 39.Qb2 Nd4 40.Nd1 Qxc5 41.Qd2 Rc8 42.Kh1 Qa7 43.Qa2 Bc4
44.bxc4 Qb6  0-1

[Event "Australian Masters"]
[Site "Melbourne AUS"]
[Date "2001.07.12"]
[Round "6"]
[White "Dizdarevic,M"]
[Black "Valenti,R"]
[Result "1/2-1/2"]
[WhiteElo "2095"]
[BlackElo "2143"]

1.e4 g6 2.d4 Bg7 3.Nc3 c6 4.f4 d5 5.e5 h5 6.Nf3 Nh6 7.Be3 Bg4 8.Bd3 e6 9.O-O Nf5
10.Qd2 Nd7 11.Ne2 Bf8 12.c3 Be7  1/2-1/2

[Event "Australian Masters"]
[Site "Melbourne AUS"]
[Date "2001.07.15"]
[Round "9"]
[White "Bjelobrk,I"]
[Black "Valenti,R"]
[Result "1/2-1/2"]
[WhiteElo "2197"]
[BlackElo "2143"]

1.e4 g6 2.d4 Bg7 3.Nc3 c6 4.f4 d5 5.e5 h5 6.Nf3 Nh6 7.Be2 Bg4 8.Be3 e6 9.O-O Nd7
10.Qd2 Nf5 11.Bf2 Bf8 12.Nd1 b5 13.a4 a6 14.Ne3 Bxf3 15.Bxf3 Nb6 16.axb5 axb5
17.b3 Nxe3 18.Bxe3 Be7 19.Be2 O-O 20.g3 Qc7 21.h3 Rxa1 22.Rxa1 Ra8 23.Rf1 Ra2
24.g4 hxg4 25.hxg4 c5 26.f5 cxd4 27.Bxd4 Qxc2 28.Qxc2 Rxc2 29.fxg6 Rxe2 30.gxf7+ Kf8
31.Bxb6 Re4 32.Kg2 Rxg4+ 33.Kf3 Rg7  1/2-1/2

[Event "Open"]
[Site "Novosibirsk RUS"]
[Date "2001.07.20"]
[Round "2"]
[White "Abashev,D"]
[Black "Fatkhutdinov,G"]
[Result "1-0"]
[WhiteElo "2395"]
[BlackElo "2204"]

1.e4 g6 2.d4 Bg7 3.Nc3 c6 4.Bc4 d5 5.exd5 b5 6.Bb3 b4 7.Nce2 cxd5 8.Nf4 e6
9.Nf3 Ne7 10.O-O Nbc6 11.a3 Qb6 12.axb4 Nxd4 13.Nxd4 Bxd4 14.c3 Bg7 15.Ba4+ Kf8
16.Be3 Qc7 17.Qf3 Kg8 18.Nd3 h6 19.Rfe1 Kh7 20.Bf4 Qd8 21.Ne5 Qf8 22.Nd7 Bxd7
23.Bxd7 Qd8 24.Bb5 Rf8 25.Ra6 Nf5 26.Bc6 Rc8 27.b5 Ne7 28.Bg3 Nxc6 29.bxc6 Qe8
30.Bd6 Rg8 31.c7 Qb5 32.Qe2 Qd7 33.Qe3 Qb5 34.Qe2  1-0

[Event "XXI Open"]
[Site "Cullera ESP"]
[Date "2001.07.21"]
[Round "3"]
[White "Garcia Fernandez,C"]
[Black "Djingarova,E"]
[Result "1-0"]
[WhiteElo "2411"]
[BlackElo "2285"]

1.e4 g6 2.d4 Bg7 3.Nc3 c6 4.f4 d5 5.e5 Nh6 6.Nf3 Bg4 7.Be3 O-O 8.Be2 f6 9.O-O Nd7
10.Nd2 Bxe2 11.Qxe2 Nf5 12.Bf2 fxe5 13.fxe5 e6 14.Nf3 Qa5 15.g4 Nh6 16.h3 Rae8
17.Kg2 a6 18.Nd1 c5 19.c3 b5 20.Be3 b4 21.dxc5 bxc3 22.Nxc3 Nxc5 23.Qd2 Nf7
24.Nxd5 Qxd2+ 25.Nxd2 exd5 26.Bxc5 Bxe5 27.Bxf8 Kxf8 28.Rad1 Bxb2  1-0